Edison : Inventing the century

Guardat en:
Dades bibliogràfiques
Autor principal: Baldwin, Neil
Format: Llibre
Idioma:Undetermined
Publicat: New York Hyperion 1995
Matèries:
Etiquetes: Afegir etiqueta
Sense etiquetes, Sigues el primer a etiquetar aquest registre!
Thư viện lưu trữ: Trung tâm Học liệu Trường Đại học Cần Thơ
LEADER 00533nam a2200217Ia 4500
001 CTU_84495
008 210402s9999 xx 000 0 und d
082 |a 621.3 
082 |b B181 
100 |a Baldwin, Neil 
245 0 |a Edison : 
245 0 |b Inventing the century 
245 0 |c Neil Baldwin 
260 |a New York 
260 |b Hyperion 
260 |c 1995 
650 |a Inventors 
650 |x Biography 
650 |z United States 
904 |i QHieu(sửa) 
980 |a Trung tâm Học liệu Trường Đại học Cần Thơ